000 01156nam a2200277 a 4500
003 BLK
005 20250321165857.0
008 180410b bul|||||r ||||||| ||bul||
020 _a9786190115236
040 _aBLK
041 _aBUL
_cBUL
080 _aВъображение. Фантазия. Форми и граници на въображението. Творчество
_b159.954
_z159.954
_9229731
084 _aР 90
100 _aРубин, Рик
_9497267
245 _aТворчеството : начинът да си
_cРик Рубин; прев. от англ. Румяна Автанска.
257 _aBGR
260 _aСофия
_bИзток-Запад
_c2025
_9210881
300 _a420 с.
_c22 см
500 _aОриг. загл. The creative act : The Way of Being/ Rick Rubin
650 0 _aТворчество - психология
_9259876
700 1 _aАвтанска, Румяна Славова
_929406
852 _bП
_c159.954/Р 90 Р
942 _cKNG
_n0
_s1
_01
944 _a30540
_cСевдалина Тодорова
_k30575
_lМартин Енчев
999 _c526599
_d526599